The Middle Est Crisis (Record no. 194056)
[ view plain ]
| 000 -LEADER | |
|---|---|
| fixed length control field | 00549 a2200169 4500 |
| 003 - CONTROL NUMBER IDENTIFIER | |
| control field | Nust |
| 005 - DATE AND TIME OF LATEST TRANSACTION | |
| control field | 20170207154115.0 |
| 028 ## - PUBLISHER NUMBER | |
| Publisher number | 956 |
| 040 ## - CATALOGING SOURCE | |
| Transcribing agency | Nust |
| 082 ## - DEWEY DECIMAL CLASSIFICATION NUMBER | |
| Classification number | 956 |
| 100 ## - MAIN ENTRY--PERSONAL NAME | |
| Personal name | Glubb Pasha |
| 245 ## - TITLE STATEMENT | |
| Title | The Middle Est Crisis |
| Remainder of title | A personal interpretation |
| Statement of responsibility, etc. | Glubb Pasha |
| 260 ## - PUBLICATION, DISTRIBUTION, ETC. | |
| Place of publication, distribution, etc. | Lahore , pakistan |
| Name of publisher, distributor, etc. | national book foundation |
| Date of publication, distribution, etc. | 1967 |
| 300 ## - PHYSICAL DESCRIPTION | |
| Extent | 48p; |
| 505 ## - FORMATTED CONTENTS NOTE | |
| Formatted contents note | Part.1: The Role of Russia (Page-9) Part.2: Asia and Africa (Page-23) Part.3: A Brief History of the Palestine Grievance (page-35) |
| 538 ## - SYSTEM DETAILS NOTE | |
| System details note | Almirah No.57 and Shelf No.4 |
| 942 ## - ADDED ENTRY ELEMENTS (KOHA) | |
| Source of classification or shelving scheme | |
| Koha item type | Book |
| Withdrawn status | Lost status | Source of classification or shelving scheme | Damaged status | Not for loan | Collection code | Permanent Location | Current Location | Date acquired | Total Checkouts | Full call number | Barcode | Date last seen | Price effective from | Koha item type |
|---|---|---|---|---|---|---|---|---|---|---|---|---|---|---|
| Military College of Signals (MCS) | Military College of Signals (MCS) | 12/12/2016 | 956 PAS | MCS21749 | 12/08/2016 | 12/12/2016 | Book | |||||||
| Military College of Signals (MCS) | Military College of Signals (MCS) | 12/12/2016 | 956 PAS | MCS21942 | 12/08/2016 | 12/12/2016 | Book |
